Länder, in die das Vereinigte Königreich nie einmarschiert ist - Statistiken

Allgemein
  • Dieses Quiz wurde 54 mal gespielt
  • Das Durchschnittsergebnis liegt bei 11 aus 22
Antwortstatistiken
Land Kontinent % Korrekt
Bolivien Südamerika
81%
Andorra Europa
74%
Liechtenstein Europa
72%
Paraguay Südamerika
70%
Vatikanstadt Europa
70%
Monaco Europa
68%
Weißrussland Europa
57%
Demokratische Republik Kongo Afrika
55%
Schweden Europa
55%
Luxemburg Europa
53%
Mongolei Asien
47%
Tadschikistan Asien
47%
Tschad Afrika
47%
Zentralafrikanische Republik Afrika
47%
Usbekistan Asien
45%
Guatemala Nordamerika
40%
Marshallinseln Ozeanien
36%
Mali Afrika
34%
Kirgisistan Asien
32%
Sao Tome und Principe Afrika
30%
Burundi Afrika
26%
Elfenbeinküste Afrika
19%
Keine übereinstimmenden Quizze gefunden
Verteilung der Resultate
Anzahl Personen mit jedem Resultat
Perzentil nach korrekt beantworteten Fragen
Ihre Resultats-Entwicklung
Sie haben dieses Quiz noch nicht gespielt